000 00640nam a2200229Ia 4500
003 OSt
005 20221007071947.0
006 a|||||r|||| 00| 0
007 ta
008 221006b |||||||| |||| 00| 0 eng d
024 _a10,124
037 _cReference Collections
040 _aFLL
_cFLL
_beng
041 _2eng
_aeng
082 _aZ1:17, J8
100 _aBowett D.W. Au.
_9686622
245 0 _aSelf-defence in international law
260 _aLondon
_bManchester university press London
_c1958
300 _a294p
_ccm.
942 _hZ1:17, J8
_cREF
_2CC
999 _c1144795
_d1144795